| 000 | 00454nam a2200169Ia 4500 | ||
|---|---|---|---|
| 003 | GCL | ||
| 008 | 140319s9999 xx 000 0 ara d | ||
| 040 |
_aGCL / _cGCL |
||
| 082 | 0 | 4 |
_a811.9 _bف د |
| 100 | 1 | _aفاروق جويدة | |
| 245 | 1 | 0 |
_aدماء على ستار الكعبة / _cفاروق جويدة |
| 300 | _a103 ص | ||
| 490 | _a | ||
| 650 | 0 | 4 | _aالشعر العربى |
| 650 | 0 | 4 | _aالشعر المسرحى - مصر |
| 942 |
_2ddc _cBK |
||
| 999 |
_c38645 _d38645 |
||